000
00232nam a2200097Ia 4500
001
683135
005
20250826161432.0
008
250824s9999 xx 000 0 und d
245
0
_a
HZ ALİ
_c
ORHAN YENİARAS
260
_b
PANAMA YAYINLARI
999
_c
683135
_d
683135